[Event "Pyramiden Cup 2016"]
[Site "Fuerth"]
[Date "2016.09.03"]
[Round "6.37"]
[White "Cordts, Elof"]
[Black "Hornung, Hans"]
[Result "0-1"]
[WhiteElo "1649"]
[BlackElo "2050"]
[PlyCount "62"]
[EventDate "2016.??.??"]
[WhiteTeam "SC Erlangen"]
[BlackTeam "SK Klosterlechfeld"]

1. e4 c5 2. Nc3 g6 3. f4 Bg7 4. Nf3 Nc6 5. Bb5 Nd4 6. O-O e6 7. Be2 Ne7 8. d3
d5 9. Re1 O-O 10. Bf1 Bd7 11. Bd2 b5 12. Nxd4 Bxd4+ 13. Kh1 b4 14. Ne2 Bxb2 15.
Rb1 Bg7 16. Nc1 a5 17. Nb3 Qc7 18. g3 c4 19. Nxa5 c3 20. Be3 Qxa5 21. Bg2 d4
22. Bf2 Nc6 23. e5 Qxa2 24. Ra1 Qxa1 25. Qxa1 Rxa1 26. Rxa1 Rb8 27. Rb1 b3 28.
cxb3 Rxb3 29. Rc1 Rb2 30. Bg1 f6 31. exf6 Bxf6 0-1

[Event "Pyramiden Cup 2016"]
[Site "Fuerth"]
[Date "2016.09.03"]
[Round "6.38"]
[White "Rohde, Patrick"]
[Black "Riedl, Guenter"]
[Result "1/2-1/2"]
[WhiteElo "1964"]
[BlackElo "1879"]
[PlyCount "54"]
[EventDate "2016.??.??"]
[WhiteTeam "Elmshorner SC"]
[BlackTeam "SK Marktoberdorf"]

1. d4 d5 2. c4 e6 3. Nc3 c5 4. dxc5 d4 5. Ne4 Nc6 6. Nf3 Bxc5 7. a3 Be7 8. b4
Nf6 9. Ng3 O-O 10. Qc2 Qc7 11. e3 dxe3 12. Bxe3 Ng4 13. Bd3 Nxe3 14. fxe3 g6
15. O-O b6 16. Nd4 Bb7 17. Be4 Nxd4 18. exd4 Rad8 19. Bxb7 Qxb7 20. Rad1 Rd7
21. Rd3 Bh4 22. Ne2 Rfd8 23. a4 Be7 24. Rb3 Bf8 25. Rd1 Bg7 26. Rbd3 Qe4 27.
Qd2 Qc6 1/2-1/2

[Event "Pyramiden Cup 2016"]
[Site "Fuerth"]
[Date "2016.09.03"]
[Round "6.39"]
[White "Mikeler, Marcel"]
[Black "Noeckler, Alexander"]
[Result "0-1"]
[WhiteElo "1833"]
[BlackElo "1887"]
[PlyCount "108"]
[EventDate "2016.??.??"]
[WhiteTeam "Heilbronner SV"]
[BlackTeam "SK Weiden"]

1. d4 d5 2. Nf3 Nf6 3. c4 e6 4. Nc3 c6 5. e3 Nbd7 6. Qc2 a6 7. a3 Be7 8. b3 O-O
9. Bd3 Re8 10. O-O Nf8 11. Ne5 Ng6 12. f4 c5 13. Ne2 Qc7 14. Bb2 b6 15. Rac1
Bb7 16. Kh1 Rac8 17. Ng1 Ne4 18. Nxg6 hxg6 19. Nf3 Nf6 20. Ne5 Bd6 21. Nxf7
Qxf7 22. Bxg6 Qe7 23. Bxe8 Qxe8 24. dxc5 Bxc5 25. Qe2 a5 26. cxd5 Bxd5 27. Bxf6
gxf6 28. e4 Bxb3 29. Rc3 Ba4 30. Qg4+ Kf7 31. e5 Qg8 32. Qh4 Qh8 33. Qe1 Bc6
34. f5 fxe5 35. fxe6+ Kxe6 36. Qe2 Rg8 37. Rcf3 Bxf3 38. Qxf3 Rf8 39. Qc6+ Bd6
40. Rd1 Rd8 41. Qd5+ Ke7 42. Rf1 Qh7 43. Qb7+ Rd7 44. Qc8 Qg7 45. Qc4 Rc7 46.
Qd5 Bxa3 47. Rd1 Qh8 48. Qb3 Bc5 49. Qd5 Bd4 50. Rf1 Qg7 51. h3 Qg6 52. Qa8 Qh6
53. Kh2 Be3 54. Qf3 Qf4+ 0-1

[Event "Pyramiden Cup 2016"]
[Site "Fuerth"]
[Date "2016.09.03"]
[Round "6.40"]
[White "Gress, Patrick Daniel"]
[Black "Herlan, Klaus-Juergen"]
[Result "0-1"]
[WhiteElo "1362"]
[BlackElo "1977"]
[PlyCount "36"]
[EventDate "2016.??.??"]
[WhiteTeam "SK Herzogenaurach"]
[BlackTeam "SK Marmstorf"]

1. Nf3 c5 2. c4 Nc6 3. d4 cxd4 4. Nxd4 Nf6 5. Nc3 g6 6. Nc2 Bg7 7. g3 d6 8. Bd2
Be6 9. b3 d5 10. e3 O-O 11. c5 d4 12. Nxd4 Nxd4 13. exd4 Qxd4 14. Bg2 Rad8 15.
Qc1 Ng4 16. Be3 Qxc3+ 17. Qxc3 Bxc3+ 18. Ke2 Bxa1 0-1

[Event "Pyramiden Cup 2016"]
[Site "Fuerth"]
[Date "2016.09.03"]
[Round "6.41"]
[White "Thesing, Ansgar"]
[Black "Schulz, Horst"]
[Result "1-0"]
[WhiteElo "1983"]
[BlackElo "1739"]
[PlyCount "59"]
[EventDate "2016.??.??"]
[WhiteTeam "SC Kreuzberg"]
[BlackTeam "SC Höchstadt/Aisch"]

1. e4 d5 2. exd5 Nf6 3. d4 Nxd5 4. c4 Nf6 5. Nf3 c6 6. Nc3 Bg4 7. Be2 e6 8. O-O
Be7 9. h3 Bh5 10. Be3 O-O 11. g4 Bg6 12. Ne5 Bd6 13. Nxg6 hxg6 14. g5 Nh7 15.
Ne4 Bc7 16. Bg4 Nd7 17. Qd2 Qe7 18. Rac1 f5 19. gxf6 Nhxf6 20. Nxf6+ gxf6 21.
Bf4 Bxf4 22. Qxf4 f5 23. Bf3 e5 24. Qg3 Rf7 25. d5 e4 26. dxc6 Ne5 27. cxb7
Nxf3+ 28. Qxf3 exf3 29. bxa8=Q+ Kg7 30. Qxf3 1-0

[Event "Pyramiden Cup 2016"]
[Site "Fuerth"]
[Date "2016.09.03"]
[Round "6.42"]
[White "Redzepovic, Irfan"]
[Black "Schoebel, Klaus"]
[Result "1-0"]
[WhiteElo "2124"]
[BlackElo "1742"]
[PlyCount "39"]
[EventDate "2016.??.??"]
[WhiteTeam "SW Nürnberg Süd"]
[BlackTeam "SK Herzogenaurach"]

1. d4 d5 2. c4 c6 3. Nf3 Nf6 4. Nc3 e6 5. e3 Be7 6. Bd3 O-O 7. O-O dxc4 8. Bxc4
Nd5 9. e4 Nxc3 10. bxc3 Nd7 11. a4 Qc7 12. e5 c5 13. Qe2 Nb6 14. Bd3 Nd5 15.
Bd2 f5 16. c4 Nb4 17. Bxb4 cxb4 18. d5 exd5 19. cxd5 Re8 20. d6 1-0

[Event "Pyramiden Cup 2016"]
[Site "Fuerth"]
[Date "2016.09.03"]
[Round "6.43"]
[White "Homi, Joseph"]
[Black "Hoffmann, Sebastian"]
[Result "1/2-1/2"]
[WhiteElo "1787"]
[BlackElo "2003"]
[PlyCount "80"]
[EventDate "2016.??.??"]
[WhiteTeam "SG Fürth"]
[BlackTeam "SC NT Nürnberg"]

1. e4 Nc6 2. Nf3 e6 3. d4 d5 4. e5 f6 5. Be3 fxe5 6. dxe5 Nge7 7. Bd3 g6 8. c3
Bg7 9. Bd4 O-O 10. O-O b6 11. Qe2 Nxd4 12. cxd4 c5 13. Nc3 Nc6 14. dxc5 bxc5
15. Rae1 Rb8 16. b3 Bb7 17. Nb5 Kh8 18. Nd6 Nxe5 19. Nxb7 Nxf3+ 20. gxf3 Rxb7
21. Qxe6 Rxf3 22. Qe8+ Rf8 23. Qxd8 Rxd8 24. Re6 Bc3 25. Rc1 d4 26. Rc6 Rd5 27.
Rc2 Re7 28. Kg2 a5 29. Kf3 Bb4 30. h3 Ree5 31. Rc8+ Kg7 32. Rc7+ Kh6 33. Kg2
Re1 34. Kf3 Rh1 35. Kg2 Rd1 36. Be2 d3 37. Bxd1 dxc2 38. Bxc2 Rd2 39. Be4 Rxa2
40. Bd5 a4 1/2-1/2

[Event "Pyramiden Cup 2016"]
[Site "Fuerth"]
[Date "2016.09.03"]
[Round "6.44"]
[White "Balhar, Michael"]
[Black "Friedel, Roland"]
[Result "1/2-1/2"]
[WhiteElo "1769"]
[BlackElo "1651"]
[PlyCount "62"]
[EventDate "2016.??.??"]
[WhiteTeam "SC Erlangen"]
[BlackTeam "SF Drensteinfurt"]

1. e4 e6 2. d4 d5 3. Nc3 dxe4 4. Nxe4 Bd7 5. Nf3 Bc6 6. Bd3 Nd7 7. Qe2 Ngf6 8.
Neg5 Qe7 9. O-O h6 10. Ne4 Nxe4 11. Bxe4 Bxe4 12. Qxe4 c6 13. c4 Nf6 14. Qc2
Qc7 15. Re1 Be7 16. a3 O-O 17. b4 Rad8 18. Bb2 Rfe8 19. Rad1 a6 20. Qb3 Nd7 21.
d5 exd5 22. cxd5 cxd5 23. Rxd5 Bf6 24. Rc1 Qb6 25. Rcd1 Bxb2 26. Rxd7 Rxd7 27.
Rxd7 Qe6 28. Qxe6 Rxe6 29. Rxb7 Bxa3 30. g3 Re4 31. b5 axb5 1/2-1/2

[Event "Pyramiden Cup 2016"]
[Site "Fuerth"]
[Date "2016.09.03"]
[Round "6.45"]
[White "Lehmann, Patricia"]
[Black "Merkel, Luis"]
[Result "1-0"]
[WhiteElo "1720"]
[BlackElo "1571"]
[PlyCount "37"]
[EventDate "2016.??.??"]
[WhiteTeam "SG 1871 Löberitz"]
[BlackTeam "SG Büchenbach/Roth"]

1. d4 d5 2. c4 c6 3. Nf3 Nf6 4. e3 e6 5. Nc3 Nbd7 6. Qc2 Bd6 7. Bd3 dxc4 8.
Bxc4 b5 9. Bd3 a6 10. O-O Bb7 11. Ne4 Nxe4 12. Bxe4 Qc7 13. h3 Nf6 14. Bd3 h5
15. e4 e5 16. dxe5 Bxe5 17. Qc5 Nd7 18. Qe3 Bf4 19. Qxf4 1-0

[Event "Pyramiden Cup 2016"]
[Site "Fuerth"]
[Date "2016.09.03"]
[Round "6.46"]
[White "Koehler, Lukas"]
[Black "Lehmann, Tornalf"]
[Result "1-0"]
[WhiteElo "1681"]
[BlackElo "1675"]
[PlyCount "79"]
[EventDate "2016.??.??"]
[WhiteTeam "SC Bamberg"]
[BlackTeam "SC Heilsbronn"]

1. e4 Nf6 2. Nc3 e5 3. Nf3 Nc6 4. Bb5 Nd4 5. Ba4 c6 6. Nxd4 exd4 7. e5 dxc3 8.
exf6 Qxf6 9. dxc3 d5 10. Qxd5 Qe6+ 11. Qxe6+ Bxe6 12. Be3 Be7 13. O-O O-O 14.
Bb3 Bxb3 15. cxb3 a6 16. Bb6 Bd8 17. Bxd8 Raxd8 18. Rfd1 g6 19. Kf1 f5 20. f4
Kf7 21. g3 h6 22. Rxd8 Rxd8 23. Ke2 Ke6 24. c4 c5 25. Rd1 Rxd1 26. Kxd1 g5 27.
h4 gxf4 28. gxf4 h5 29. Kd2 Kd6 30. a3 a5 31. Kc3 b6 32. b4 Kc6 33. bxa5 bxa5
34. Kb3 Kb7 35. Ka4 Ka6 36. b4 axb4 37. axb4 cxb4 38. Kxb4 Kb6 39. c5+ Kc6 40.
Kc4 1-0

[Event "Pyramiden Cup 2016"]
[Site "Fuerth"]
[Date "2016.09.03"]
[Round "6.47"]
[White "Siewert, Wolfgang"]
[Black "Kocak, Ediz"]
[Result "1/2-1/2"]
[WhiteElo "1736"]
[BlackElo "1819"]
[PlyCount "44"]
[EventDate "2016.??.??"]
[WhiteTeam "SV Ei Reichenbrand"]
[BlackTeam "SW Nürnberg Süd"]

1. d4 Nf6 2. Nf3 e6 3. e3 b6 4. Bd3 Bb7 5. Nbd2 Be7 6. b3 d6 7. Bb2 Nbd7 8. Qe2
c5 9. O-O O-O 10. e4 cxd4 11. Nxd4 Nc5 12. c4 Nxd3 13. Qxd3 Qc7 14. Qe2 Rfd8
15. Rac1 Qd7 16. Rfd1 Ne8 17. f4 f6 18. f5 Nc7 19. Qg4 exf5 20. exf5 d5 21. Ne6
Nxe6 22. fxe6 Qd6 1/2-1/2

[Event "Pyramiden Cup 2016"]
[Site "Fuerth"]
[Date "2016.09.03"]
[Round "6.48"]
[White "Dreiseitel, Werner"]
[Black "Semenova, Alisa"]
[Result "1/2-1/2"]
[WhiteElo "1599"]
[BlackElo "1646"]
[PlyCount "49"]
[EventDate "2016.??.??"]
[WhiteTeam "SG Fürth"]
[BlackTeam "SC NT Nürnberg"]

1. d4 d5 2. Bf4 e6 3. e3 c6 4. Nd2 f5 5. Ngf3 Nf6 6. Ne5 Nbd7 7. Bd3 Be7 8. h3
O-O 9. g4 Ne4 10. Qe2 g5 11. Bh2 Nxe5 12. Bxe5 Bd6 13. Bxd6 Qxd6 14. O-O-O a5
15. h4 gxh4 16. Rxh4 Rf7 17. Rdh1 Rg7 18. Nf1 Nf6 19. f3 b5 20. Qf2 Raa7 21.
Ng3 fxg4 22. fxg4 Raf7 23. Rf1 Nxg4 24. Bxh7+ Kf8 25. Qg1 1/2-1/2

[Event "Pyramiden Cup 2016"]
[Site "Fuerth"]
[Date "2016.09.03"]
[Round "6.49"]
[White "Meyer, Nico"]
[Black "Hirn, Thomas"]
[Result "0-1"]
[WhiteElo "1550"]
[BlackElo "1734"]
[PlyCount "52"]
[EventDate "2016.??.??"]
[WhiteTeam "SC Bechhofen"]
[BlackTeam "TuS Fürstenfeldbruck"]

1. d4 d5 2. Nf3 e6 3. e3 Nf6 4. Bd3 Be7 5. O-O Nc6 6. b3 O-O 7. Bb2 Nb4 8. Be2
c5 9. a3 Nc6 10. Ne5 Qc7 11. f4 cxd4 12. exd4 a5 13. Nd2 b6 14. g4 Ne4 15. Bd3
f5 16. g5 Nxe5 17. dxe5 Bc5+ 18. Kg2 Qf7 19. c4 Bb7 20. Nf3 Rad8 21. Qe2 Qh5
22. Nd4 Qxe2+ 23. Bxe2 dxc4 24. Nxe6 Nxg5+ 25. Kg3 Nxe6 26. Bxc4 Bd5 0-1

[Event "Pyramiden Cup 2016"]
[Site "Fuerth"]
[Date "2016.09.03"]
[Round "6.50"]
[White "Meyer, Robert"]
[Black "Mitin, Daniel"]
[Result "1-0"]
[WhiteElo "1748"]
[BlackElo "1146"]
[PlyCount "69"]
[EventDate "2016.??.??"]
[WhiteTeam "SC Stein"]
[BlackTeam "SG Büchenbach/Roth"]

1. d4 d5 2. Nf3 Nc6 3. e3 Nf6 4. c4 Bg4 5. h3 Bh5 6. Nbd2 Ne4 7. Be2 Nxd2 8.
Bxd2 Bxf3 9. Bxf3 dxc4 10. Qa4 Qd7 11. Qxc4 e6 12. Rc1 Bd6 13. Bxc6 bxc6 14.
Qxc6 Qxc6 15. Rxc6 O-O 16. O-O Rfc8 17. Rfc1 Rab8 18. b3 Rb6 19. Ba5 Rxc6 20.
Rxc6 f5 21. Rc4 g6 22. Bb4 Bf8 23. Kf1 h5 24. Bxf8 Kxf8 25. Ra4 Ra8 26. Ra6 Kf7
27. Ke2 g5 28. Kf3 Ke7 29. Kg3 Kd7 30. h4 g4 31. Kf4 c6 32. Kg5 Kd6 33. Kxh5
Rh8+ 34. Kg5 g3 35. fxg3 1-0

[Event "Pyramiden Cup 2016"]
[Site "Fuerth"]
[Date "2016.09.03"]
[Round "6.51"]
[White "Adiyaman, Rene"]
[Black "Guggenberger, Guido"]
[Result "1-0"]
[WhiteElo "1882"]
[BlackElo "1971"]
[PlyCount "67"]
[EventDate "2016.??.??"]
[WhiteTeam "DBSB"]
[BlackTeam "TV Tegernsee"]

1. e4 d5 2. exd5 Qxd5 3. Nc3 Qd8 4. Bc4 Nf6 5. Nf3 c5 6. d3 e6 7. O-O a6 8. a4
Be7 9. Re1 O-O 10. Bd2 b6 11. Ne4 Bb7 12. Ne5 Bd5 13. Bc3 Nxe4 14. dxe4 Bxc4
15. Nxc4 Qxd1 16. Raxd1 b5 17. Na5 Ra7 18. Be5 Ra8 19. Bd6 Bxd6 20. Rxd6 Ra7
21. Red1 Rc7 22. Rd8 Nc6 23. Nxc6 Rxc6 24. R1d6 Rxd6 25. Rxd6 Ra8 26. a5 Kf8
27. b3 Ke7 28. Rc6 c4 29. bxc4 Kd7 30. Rb6 bxc4 31. Kf1 Kc7 32. Ke2 Rb8 33.
Rxb8 Kxb8 34. Kd2 1-0

[Event "Pyramiden Cup 2016"]
[Site "Fuerth"]
[Date "2016.09.03"]
[Round "6.52"]
[White "Lindenmair, Anton"]
[Black "Weissmann, Peter"]
[Result "1-0"]
[WhiteElo "1997"]
[BlackElo "1778"]
[PlyCount "61"]
[EventDate "2016.??.??"]
[WhiteTeam "DBSB"]
[BlackTeam "SK Zirndorf"]

1. d4 Nf6 2. c4 e6 3. Nf3 b6 4. g3 Bb7 5. Bg2 Be7 6. O-O O-O 7. Nc3 h6 8. Qc2
c5 9. d5 exd5 10. Nh4 Nc6 11. cxd5 Nd4 12. Qd1 g5 13. e3 gxh4 14. exd4 Ba6 15.
Re1 cxd4 16. Qxd4 hxg3 17. hxg3 Bc5 18. Qh4 Nh7 19. Qxh6 Qf6 20. Ne4 Qxh6 21.
Bxh6 Rfe8 22. Nxc5 bxc5 23. Rac1 Rxe1+ 24. Rxe1 Nf6 25. Re7 Bc4 26. Bg5 Nh7 27.
Bh4 Bxa2 28. Rxd7 Rb8 29. Rxa7 Rxb2 30. d6 f6 31. d7 1-0

[Event "Pyramiden Cup 2016"]
[Site "Fuerth"]
[Date "2016.09.03"]
[Round "6.53"]
[White "Eichstaedt, Mirko"]
[Black "Schmitz, Tim"]
[Result "1-0"]
[WhiteElo "2236"]
[BlackElo "1808"]
[PlyCount "93"]
[EventDate "2016.??.??"]
[WhiteTeam "DBSB"]
[BlackTeam "SC Sendling"]

1. Nf3 Nf6 2. g3 g6 3. Bg2 Bg7 4. d4 O-O 5. O-O d6 6. a4 c5 7. dxc5 dxc5 8. a5
Nc6 9. Qxd8 Rxd8 10. a6 Nd5 11. c3 Rb8 12. axb7 Bxb7 13. Nbd2 Nc7 14. Nc4 Ne6
15. Be3 Ba8 16. Nfd2 f5 17. Ra6 Rbc8 18. Na5 Nxa5 19. Bxa8 Rxa8 20. Rxe6 Kf7
21. Ra6 Nb7 22. Rfa1 Rac8 23. Nc4 Bf6 24. Rxa7 Nd6 25. R1a4 Rc6 26. Nxd6+ Rdxd6
27. Rc4 Rd1+ 28. Kg2 Re1 29. Rxc5 Rxc5 30. Bxc5 Rxe2 31. Rb7 Ke6 32. Kf3 Re1
33. c4 g5 34. Be3 g4+ 35. Kg2 Re2 36. b4 Rc2 37. c5 Kd5 38. b5 h5 39. Rd7+ Ke6
40. Rd8 h4 41. b6 h3+ 42. Kf1 Be5 43. b7 Rb2 44. c6 Bc7 45. Rc8 Kd6 46. Bf4+ e5
47. Bxe5+ 1-0

[Event "Pyramiden Cup 2016"]
[Site "Fuerth"]
[Date "2016.09.03"]
[Round "6.54"]
[White "Riegler, Dieter"]
[Black "Kotitschke, Karlheinz"]
[Result "0-1"]
[WhiteElo "2054"]
[BlackElo "1928"]
[PlyCount "96"]
[EventDate "2016.??.??"]
[WhiteTeam "DBSB"]
[BlackTeam "SK Rothenburg"]

1. d4 e6 2. c4 f5 3. Nc3 d5 4. Qc2 Nf6 5. e3 c6 6. Bd3 Bd6 7. Nge2 O-O 8. f3
Na6 9. a3 dxc4 10. Bxc4 b5 11. Bd3 b4 12. Na4 bxa3 13. bxa3 c5 14. dxc5 Nxc5
15. Nxc5 Bxc5 16. Qxc5 Qxd3 17. Qd4 Ba6 18. Qxd3 Bxd3 19. Bb2 Rab8 20. Bd4 Rfc8
21. Rc1 Rxc1+ 22. Nxc1 Rb1 23. Kd2 Ba6 24. Kc2 Rb7 25. Bxf6 gxf6 26. Na2 Rg7
27. g3 Bb7 28. Rf1 h5 29. f4 Be4+ 30. Kb2 Rb7+ 31. Kc3 Rc7+ 32. Kb3 Bd5+ 33.
Kb2 Rb7+ 34. Ka1 Rb3 35. Re1 Rxa3 36. Re2 Kf7 37. Kb1 Bxa2+ 38. Rxa2 Rxa2 39.
Kxa2 Ke7 40. Kb3 Kd6 41. Kc4 Kc6 42. Kd4 a5 43. Kc4 e5 44. h4 e4 45. Kd4 a4 46.
Kc4 a3 47. Kb3 Kc5 48. Kxa3 Kc4 0-1

[Event "Pyramiden Cup 2016"]
[Site "Fuerth"]
[Date "2016.09.03"]
[Round "6.55"]
[White "Michel, Philipp"]
[Black "Weissig, Timon"]
[Result "1-0"]
[WhiteElo "1683"]
[BlackElo "1020"]
[PlyCount "36"]
[EventDate "2016.??.??"]
[WhiteTeam "SC Erlangen"]
[BlackTeam "SV Deggendorf"]

1. e4 e5 2. Nf3 Nc6 3. d4 exd4 4. Bc4 Bc5 5. O-O d6 6. Ng5 Nh6 7. Qf3 Ne5 8.
Qb3 Nxc4 9. Qxc4 O-O 10. e5 Qe8 11. exd6 cxd6 12. b4 Bb6 13. Bf4 Qe7 14. Nd2
Be6 15. Rfe1 Rfe8 16. Qd3 g6 17. Nxe6 fxe6 18. Bxh6 g5 1-0

[Event "Pyramiden Cup 2016"]
[Site "Fuerth"]
[Date "2016.09.03"]
[Round "6.56"]
[White "Boese, Christina"]
[Black "Weissig, Kersten"]
[Result "1/2-1/2"]
[WhiteElo "1555"]
[BlackElo "1232"]
[PlyCount "20"]
[EventDate "2016.??.??"]
[WhiteTeam "SC Bechhofen"]
[BlackTeam "SV Deggendorf"]

1. e4 e5 2. Nf3 Nc6 3. d4 exd4 4. Nxd4 Bc5 5. Be3 Bb6 6. g3 d6 7. Bg2 Nxd4 8.
Bxd4 Bxd4 9. Qxd4 Qf6 10. Qxf6 Nxf6 1/2-1/2

[Event "Pyramiden Cup 2016"]
[Site "Fuerth"]
[Date "2016.09.03"]
[Round "6.57"]
[White "Suva, Karl"]
[Black "Plinz, Tim"]
[Result "1-0"]
[WhiteElo "1646"]
[BlackElo "1060"]
[PlyCount "63"]
[EventDate "2016.??.??"]
[WhiteTeam "vereinslos"]
[BlackTeam "SK Schwanstetten"]

1. d4 d5 2. Nf3 Nf6 3. c4 e6 4. cxd5 Nxd5 5. e4 Nf6 6. Be3 Nc6 7. e5 Nd5 8. a3
Nxe3 9. fxe3 Be7 10. Bd3 O-O 11. O-O Re8 12. Nbd2 b6 13. Qc2 Bb7 14. Bxh7+ Kf8
15. Bg6 fxg6 16. Ng5+ Kg8 17. Nxe6 Qd7 18. Qxg6 Bf8 19. Ne4 Rxe6 20. Nf6+ Rxf6
21. exf6 Qf7 22. Qg5 Re8 23. fxg7 Qxg7 24. Qd5+ Kh7 25. Rf7 a5 26. Raf1 Re7 27.
Rxg7+ Bxg7 28. Rf4 Rxe3 29. Qh5+ Kg8 30. Qf7+ Kh8 31. Rh4+ Bh6 32. Rxh6# 1-0

[Event "Pyramiden Cup 2016"]
[Site "Fuerth"]
[Date "2016.09.04"]
[Round "7.1"]
[White "Braeuer, Franz"]
[Black "Kunin, Vitaly"]
[Result "1/2-1/2"]
[WhiteElo "2406"]
[BlackElo "2595"]
[PlyCount "53"]
[EventDate "2016.??.??"]
[WhiteTeam "Erfurter SK"]
[BlackTeam "Freibauer Mörlenbach"]

1. e4 e6 2. d4 d5 3. Nd2 dxe4 4. Nxe4 Bd7 5. Nf3 Bc6 6. Bd3 Nd7 7. O-O Ngf6 8.
Ned2 Be7 9. c3 O-O 10. Qe2 b6 11. Nc4 Bb7 12. Rd1 Qc8 13. Bg5 h6 14. Bh4 c5 15.
Nce5 Nxe5 16. dxe5 Nd5 17. Qe4 f5 18. exf6 Nxf6 19. Qe2 Nd5 20. Bxe7 Nxe7 21.
Ne5 Nd5 22. Ng6 Rf6 23. Qg4 Qc7 24. Re1 Re8 25. Rad1 Nf4 26. Nxf4 Qxf4 27. Qxf4
1/2-1/2

[Event "Pyramiden Cup 2016"]
[Site "Fuerth"]
[Date "2016.09.04"]
[Round "7.3"]
[White "Ikonnikov, Vyacheslav"]
[Black "Muetsch, Annmarie"]
[Result "1-0"]
[WhiteElo "2538"]
[BlackElo "2008"]
[PlyCount "77"]
[EventDate "2016.??.??"]
[WhiteTeam "SF Bad Mergentheim"]
[BlackTeam "SC Eppingen"]

1. d4 Nf6 2. c4 e6 3. Nc3 Bb4 4. e3 b6 5. Nge2 Ne4 6. Bd2 Nxd2 7. Qxd2 Bb7 8.
a3 Be7 9. d5 e5 10. g3 a5 11. Bg2 d6 12. O-O O-O 13. b4 Nd7 14. f4 Bc8 15. f5
g6 16. Rae1 Nf6 17. e4 Ng4 18. Qd3 Bg5 19. Nd1 axb4 20. axb4 h5 21. h3 Nf6 22.
Ndc3 Bd7 23. Ra1 Rxa1 24. Rxa1 Qc8 25. Rf1 Qa6 26. Nb5 Bxb5 27. cxb5 Qa2 28.
Kh1 Qd2 29. Qc4 Ra8 30. fxg6 fxg6 31. h4 Ng4 32. hxg5 Ne3 33. Qc6 Rf8 34. Rxf8+
Kxf8 35. Qxc7 Nxg2 36. Qxd6+ Kf7 37. Qf6+ Kg8 38. Qxg6+ Kf8 39. Qf6+ 1-0

[Event "Pyramiden Cup 2016"]
[Site "Fuerth"]
[Date "2016.09.04"]
[Round "7.4"]
[White "Milov, Leonid"]
[Black "Wenninger, Philipp"]
[Result "1-0"]
[WhiteElo "2416"]
[BlackElo "2372"]
[PlyCount "151"]
[EventDate "2016.??.??"]
[WhiteTeam "SC NT Nürnberg"]
[BlackTeam "SC Erlangen"]

1. e4 c6 2. d4 d5 3. Nd2 dxe4 4. Nxe4 Bf5 5. Ng3 Bg6 6. Nh3 e6 7. Nf4 Bd6 8.
Ngh5 Kf8 9. Be2 Nf6 10. g3 Nbd7 11. O-O Nxh5 12. Nxh5 Nf6 13. Nf4 Bxf4 14. Bxf4
Nd5 15. Bd2 Qb6 16. c4 Nf6 17. b3 Rd8 18. Qe1 Qxd4 19. Be3 Qe4 20. Qb4+ Kg8 21.
Rad1 Rxd1 22. Rxd1 h5 23. Qxb7 h4 24. Qb8+ Kh7 25. Qf4 hxg3 26. hxg3 a5 27. Bf3
Qxf4 28. Bxf4 Rc8 29. Rd6 Ne4 30. Rd7 a4 31. b4 Nc3 32. a3 f6 33. Bd2 Ne4 34.
Be1 e5 35. Bg4 f5 36. Be2 f4 37. Re7 Nd6 38. Rxe5 f3 39. Bf1 Bf7 40. c5 Nc4 41.
Re7 Bd5 42. Bc3 Rg8 43. Bd3+ Kh6 44. Ra7 Nxa3 45. Rxa4 Nb5 46. Bd2+ Kh5 47. Ra1
Re8 48. Re1 Rxe1+ 49. Bxe1 Kg5 50. Bd2+ Kf6 51. Kh2 Ke5 52. Kh3 Kd4 53. Bf5 Be4
54. Bd7 Kd3 55. Be3 Kc3 56. Kg4 Kxb4 57. Kf4 Bd5 58. Bg4 Nc7 59. Ke5 Kc4 60.
Bf5 Na6 61. Kd6 Nb4 62. g4 Kc3 63. g5 Nc2 64. Bf4 Ne1 65. Be5+ Kd2 66. Bxg7 Ke2
67. Bd4 Ng2 68. g6 Nf4 69. g7 Nh5 70. Be6 Nxg7 71. Bxg7 Kxf2 72. Bd4+ Ke2 73.
Bxd5 cxd5 74. c6 Kd3 75. Kxd5 f2 76. Bxf2 1-0

[Event "Pyramiden Cup 2016"]
[Site "Fuerth"]
[Date "2016.09.04"]
[Round "7.5"]
[White "Fedorovsky, Michael"]
[Black "Muckle, Julius"]
[Result "1-0"]
[WhiteElo "2497"]
[BlackElo "2196"]
[PlyCount "56"]
[EventDate "2016.??.??"]
[WhiteTeam "FC Bayern München"]
[BlackTeam "SK Ludwigshafen"]

1. d4 d5 2. c4 c6 3. Nf3 Nf6 4. e3 e6 5. Nc3 Nbd7 6. Bd3 Bd6 7. O-O O-O 8. e4
dxe4 9. Nxe4 Nxe4 10. Bxe4 Nf6 11. Bc2 h6 12. b3 b6 13. Bb2 Bb7 14. Qd3 Re8 15.
Rfe1 Qe7 16. Ne5 Ba3 17. Bc3 Bb4 18. Bxb4 Qxb4 19. Re3 Kf8 20. Rg3 Qe7 21. Qe3
Qc7 22. c5 bxc5 23. dxc5 Ba6 24. Re1 Rad8 25. Rxg7 Kxg7 26. Qg3+ Ng4 27. Qxg4+
Kh8 28. Qf4 Kg7 1-0

[Event "Pyramiden Cup 2016"]
[Site "Fuerth"]
[Date "2016.09.04"]
[Round "7.6"]
[White "Colpe, Malte"]
[Black "Miller, Eduard"]
[Result "1-0"]
[WhiteElo "2394"]
[BlackElo "2289"]
[PlyCount "79"]
[EventDate "2016.??.??"]
[WhiteTeam "Hamburger SK"]
[BlackTeam "SC Erlangen"]

1. d4 Nf6 2. c4 c5 3. d5 e5 4. Nc3 d6 5. e4 Be7 6. Bd3 O-O 7. Nge2 Nh5 8. Be3
Bg5 9. Qd2 Bxe3 10. Qxe3 Qf6 11. g3 Na6 12. O-O-O Bg4 13. h3 Bf3 14. Rh2 Nc7
15. Rf1 Bxe2 16. Bxe2 Qg6 17. Rg1 a6 18. f4 Qh6 19. Bxh5 Qxh5 20. g4 exf4 21.
Qxf4 Qe5 22. Qxe5 dxe5 23. Na4 Rac8 24. Rd1 Rfd8 25. Nxc5 Nxd5 26. Rxd5 Rxd5
27. cxd5 Rxc5+ 28. Rc2 Rxc2+ 29. Kxc2 Kf8 30. g5 f6 31. h4 g6 32. Kd3 Kf7 33.
Ke3 Ke7 34. Kf3 fxg5 35. hxg5 Kd6 36. Ke3 Kc5 37. Kd3 Kb5 38. a4+ Kb6 39. Kc4
Kc7 40. a5 1-0

[Event "Pyramiden Cup 2016"]
[Site "Fuerth"]
[Date "2016.09.04"]
[Round "7.7"]
[White "Belezky, Alexander"]
[Black "Cofman, Veaceslav"]
[Result "1/2-1/2"]
[WhiteElo "2414"]
[BlackElo "2145"]
[PlyCount "63"]
[EventDate "2016.??.??"]
[WhiteTeam "FC Bayern München"]
[BlackTeam "SC Untergrombach"]

1. Nf3 c5 2. g3 b6 3. a4 Bb7 4. a5 d6 5. axb6 axb6 6. Rxa8 Bxa8 7. Bg2 e5 8.
O-O Nd7 9. d3 Ngf6 10. c4 Be7 11. Bg5 O-O 12. Bxf6 Nxf6 13. Ne1 Qd7 14. Nc3
Bxg2 15. Nxg2 d5 16. cxd5 Nxd5 17. Nxd5 Qxd5 18. Ne3 Qe6 19. Qa4 Rd8 20. Ra1 g6
21. Qc4 Qc6 22. Ra7 Rd7 23. Rxd7 Qxd7 24. Ng4 Qd6 25. e4 Kg7 26. Ne3 h5 27. h4
Qd7 28. Qa6 b5 29. Nd5 Bxh4 30. gxh4 Qg4+ 31. Kf1 Qd1+ 32. Kg2 1/2-1/2

[Event "Pyramiden Cup 2016"]
[Site "Fuerth"]
[Date "2016.09.04"]
[Round "7.8"]
[White "Schulz, Lukas"]
[Black "Hacker, Jonas"]
[Result "0-1"]
[WhiteElo "2147"]
[BlackElo "2336"]
[PlyCount "100"]
[EventDate "2016.??.??"]
[WhiteTeam "SC Forchheim"]
[BlackTeam "SC Eppingen"]

1. e4 c5 2. Be2 Nc6 3. Nf3 Nf6 4. Nc3 g6 5. d4 cxd4 6. Nxd4 d6 7. Be3 Bg7 8. g4
Nxg4 9. Bxg4 Bxg4 10. Qxg4 Nxd4 11. O-O-O Nc6 12. h4 Bxc3 13. bxc3 Qa5 14. h5
Ne5 15. Qe2 Rc8 16. hxg6 fxg6 17. Rd5 Qxa2 18. Qb5+ Kf7 19. Bd4 a6 20. Qb3 Nd3+
21. Kd2 Qxb3 22. cxb3 Nf4 23. Bxh8 Nxd5 24. Rxh7+ Kg8 25. Rh6 Nc7 26. Bd4 e5
27. Bb6 Kg7 28. Rh3 Ne6 29. Rd3 Rc6 30. Be3 g5 31. Ke2 Nf4+ 32. Bxf4 gxf4 33.
c4 Kf6 34. Kf3 Ke6 35. Kg4 Rc7 36. Rh3 Rg7+ 37. Kf3 Kd7 38. Rh1 Kc6 39. b4 Rg8
40. Rh6 b6 41. Rh7 Rg1 42. Ra7 Rb1 43. c5 Rxb4 44. cxb6 Kxb6 45. Rd7 Rd4 46.
Kg4 Kc6 47. Ra7 Kb6 48. Rd7 a5 49. Kf5 a4 50. Rd8 Kb5 0-1

[Event "Pyramiden Cup 2016"]
[Site "Fuerth"]
[Date "2016.09.04"]
[Round "7.9"]
[White "Saathoff, Richard"]
[Black "Gibicar, Danijel"]
[Result "1/2-1/2"]
[WhiteElo "2119"]
[BlackElo "2278"]
[PlyCount "68"]
[EventDate "2016.??.??"]
[WhiteTeam "SW Nürnberg Süd"]
[BlackTeam "SC Eppingen"]

1. e4 e6 2. d4 d5 3. Nc3 Bb4 4. e5 c5 5. a3 Bxc3+ 6. bxc3 Ne7 7. Qg4 O-O 8. Bd3
f5 9. exf6 Rxf6 10. Bg5 Rf7 11. Qh4 h6 12. Bd2 c4 13. Be2 Nbc6 14. Nf3 Qc7 15.
O-O Nf5 16. Qh5 Bd7 17. Rae1 Nd6 18. Ne5 Nxe5 19. Qxe5 Qc6 20. f3 Rf6 21. Ra1
Nf7 22. Qe3 Qa4 23. Ra2 Re8 24. f4 Nd6 25. Bf3 Ref8 26. Qe5 Nf7 27. Qe2 Nd6 28.
Qe5 Nf7 29. Qe2 Qa5 30. Re1 Ba4 31. Bg4 Re8 32. Bh5 g6 33. Bg4 Qc7 34. Qe3 Qe7
1/2-1/2